[Event "British Universities-ch"]
[Site "Chess.com INT"]
[Date "2022.03.05"]
[Round "2.3"]
[White "Gandhi, Akash"]
[Black "Rogers, Daniel"]
[Result "1-0"]
[WhiteElo "1782"]
[BlackElo "1419"]
[PlyCount "71"]
[EventDate "2022.03.05"]
[EventType "swiss"]
[EventRounds "9"]
[EventCountry "ENG"]
[SourceTitle "EXT 2023"]
[Source "ChessBase"]
[SourceDate "2022.10.05"]
[SourceVersion "1"]
[SourceVersionDate "2022.10.05"]
[SourceQuality "1"]
[WhiteTeam "Kent"]
[BlackTeam "Lincoln"]
[WhiteTeamCountry "ENG"]
[BlackTeamCountry "ENG"]

1. f4 d5 2. Nf3 Bg4 3. d3 Nf6 4. g3 Bxf3 5. exf3 Nc6 6. Bg2 e6 7. 0-0 Bc5+ 8. Kh1 0-0 9. c3 d4 10. Qe2 Re8 11. a3 e5 12. f5 Qd7 13. g4 Nd5 14. c4 Nf4 15. Bxf4 exf4 16. Qc2 Re7 17. b4 Bd6 18. c5 Be5 19. Nd2 Bf6 20. Rfe1 Rae8 21. Rxe7 Rxe7 22. Ne4 b6 23. cxb6 cxb6 24. Rc1 Nd8 25. Qd2 Be5 26. Rc4 f6 27. Qc2 Nf7 28. h4 h6 29. Kg1 Nd6 30. Nxd6 Qxd6 31. Rc8+ Kf7 32. Qc4+ Re6 33. fxe6+ Qxe6 34. Rf8+ Ke7 35. Re8+ Kf7 36. Qxe6+ 1-0